| 000 | 00588nam a2200181Ia 4500 | ||
|---|---|---|---|
| 008 | 140925s9999 xx 000 0 und d | ||
| 020 | _a2169-026X | ||
| 100 | _aMacQueen, Michael. | ||
| 245 |
_aJournal of entrepreneurship & organization management / _cMichael MacQueen. _h[electronic resource] |
||
| 260 |
_bOMICS Group, _cc2014. |
||
| 516 | _aElectronic text | ||
| 650 | _aEntrepreneurship. | ||
| 650 | _aManagement. | ||
| 830 | _aOMICS Group | ||
| 856 | _uhttp://omicsgroup.org/journals/entrepreneurship-organization-management.php | ||
| 942 | _cEJ | ||
| 999 |
_c275763 _d275763 |
||